000 01190nam0a22002651 4500
001 rc\4978140
005 20130430131033.1
021 _aRU
_b[63-63507]
035 _a(NLR Aleph) 008980483
090 _a9182485
_c9182485
100 _a20130430d1963 |||y0rusy50 ca
101 0 _arus
102 _aRU
105 _ay z |||||
200 1 _aУвеличение производства зерна - главная задача сельского хозяйства
_fО-во по распространению полит. и науч. знаний РСФСР. Науч.-метод. совет по пропаганде с.-х. знаний и передового опыта
210 _aМосква
_cБ. и.
_d1963
215 _a39 с.
_d20
300 _aПеред загл. авт.: А.В. Романченко, д-р экон. наук
606 _aЗерновое хозяйство СССР
_jМатериалы для докладов, лекций и т. п.
_2psbo
700 1 _aРоманченко
_bА. В.
_gАлександр Владимирович
801 0 _aRU
_bNLR
_gpsbo
801 1 _aRU
_bELAR
_2rusmarc
852 _aNLR
_j63-4/13944
942 _cBOOK
980 _aNB